000 00252nam a2200109Ia 4500
008 190216s9999||||xx |||||||||||||| ||und||
100 _aK P Sharachandran
245 0 _aAswadana Abagradhanam
260 _bNull
650 _aEssay Malayalam
942 _cBK
999 _c24503
_d24503